|
|
|
|
| LEADER |
00000cam a2200000 a 4500 |
| 001 |
vtls008374275 |
| 003 |
SK-MaSNL |
| 005 |
20260301164947.0 |
| 008 |
230725s1946 xr j 000 j cze |
| 015 |
|
|
|a SNBA19451955-003959
|
| 035 |
|
|
|a SK01SNKBKSFS20020066492
|
| 035 |
|
|
|a SKM000068955
|
| 040 |
|
|
|a SNK
|b slo
|c SNK
|e AACR2
|
| 041 |
0 |
|
|a cze
|
| 044 |
|
|
|a xr
|c CZ
|
| 080 |
|
|
|a 885.0
|2 1981
|
| 100 |
1 |
|
|a Horyna, Václav,
|d 1906-1997
|4 aut
|9 533083
|
| 245 |
1 |
0 |
|a Hoši z podhoří
|c V. Horyna, J.K. Baby
|
| 260 |
|
|
|a Praha
|b Znak
|c 1946
|e Ružomberok
|f Lev
|
| 300 |
|
|
|a 79 s.
|c 21 cm
|
| 490 |
1 |
|
|a Edice Znak
|v sv. 2
|
| 500 |
|
|
|a Ob. Ján Fischer
|
| 650 |
0 |
7 |
|a česká literatúra
|2 SNKPH
|9 1178
|
| 655 |
|
7 |
|a publikácie pre mládež
|2 SNKPH
|9 70434
|
| 700 |
1 |
|
|a Baby, J. K.,
|d 1915-2001
|4 aut
|9 281912
|
| 700 |
1 |
|
|a Fischer, Ján
|4 bjd
|9 280458
|
| 830 |
|
0 |
|a Edice Znak
|9 533084
|
| 852 |
|
|
|a Univerzitná knižnica v Bratislave
|b 300000
|h SF 5263
|
| 958 |
|
|
|a LX
|
| 958 |
|
|
|a DB
|
| 999 |
|
|
|c 822452
|d 824382
|
| 952 |
|
|
|a SNK
|b SNK
|y PREZ
|7 0
|p 17A0757068
|o snkSC 3581/2
|i snk1104/47
|0 0
|1 0
|4 0
|d 2018-09-26
|f 1
|l 0
|r 2025-06-25 00:00:00
|w 2026-02-24
|